000 00331 a2200157 4500
001 177321
020 _a
040 _cMagnum
100 _aGomes, Alvaro Cardoso
240 1 0 _aMarta & william
_lpor
245 1 0 _aMarta & william
362 0 _a1899
440 1 _aFTD
697 _aMAGNITO: J/ADOLESCENTE, NAMORO
942 _cBK
999 _c177321
_d177321